Statistiques concernant Villes les plus peuplées et les moins peuplées dans les jeux Pokémon

Cliquez ici pour prendre le quiz!

Statistiques générales

  • Ce quiz a été pris 271 fois
  • Le résultat moyen est 6 sur 14

Statistiques - réponses

Réponse% Correct
Bourg Palette (Kanto)
82%
Illumis (Kalos)
78%
Volucité (Unys)
63%
Bourg-en-Vol (Hoenn)
60%
Bourg Geon (Johto)
59%
Doublonville (Johto)
53%
Bonaugure (Sinnoh)
44%
Unionpolis (Sinnoh)
44%
Bourg Croquis (Kalos)
42%
Méanville (Unys)
33%
Ekaeka (Alola)
30%
Nénucrique (Hoenn)
29%
Cramois'Île (Kanto)
20%
Entrelasque (Unys)
8%

Distribution des résultats

Percentile par nombre de réponses

% des personnes avec chaque résultat

Votre développement - résultats

Vous n’avez pas pris ce quiz